<?xml version="1.0" encoding="UTF-8"?>
<collection xmlns="http://www.loc.gov/MARC21/slim">
 <record>
  <leader>01419nam a22002057a 4500</leader>
  <controlfield tag="001">NCT_146422</controlfield>
  <controlfield tag="008">230331b        xxu||||| |||| 00| 0 vie d</controlfield>
  <datafield tag="999" ind1=" " ind2=" ">
   <subfield code="c">7541</subfield>
   <subfield code="d">7541</subfield>
  </datafield>
  <datafield tag="020" ind1=" " ind2=" ">
   <subfield code="c">161000</subfield>
  </datafield>
  <datafield tag="082" ind1="0" ind2="4">
   <subfield code="2">23rd ed.</subfield>
   <subfield code="a">410</subfield>
   <subfield code="b">I61</subfield>
  </datafield>
  <datafield tag="245" ind1="0" ind2="0">
   <subfield code="a">An introduction to language and linguistics</subfield>
   <subfield code="c">Ralph Fasold, Jeffrey Connor-Linton (Edited)</subfield>
  </datafield>
  <datafield tag="250" ind1=" " ind2=" ">
   <subfield code="a">2nd ed</subfield>
  </datafield>
  <datafield tag="260" ind1=" " ind2=" ">
   <subfield code="a">Cambridge</subfield>
   <subfield code="b">Cambridge University Press</subfield>
   <subfield code="c">2014</subfield>
  </datafield>
  <datafield tag="300" ind1=" " ind2=" ">
   <subfield code="a">556 p.</subfield>
   <subfield code="c">24 cm</subfield>
  </datafield>
  <datafield tag="520" ind1="3" ind2=" ">
   <subfield code="a">This best-selling textbook addresses the full scope of language, from the traditional subjects of structural linguistics (relating to sound, form, meaning and language change) to the more specialised subjects of contextual linguistics (including discourse, dialect variation, language and culture, and the politics of language). There are also separate chapters on language and the brain, computational linguistics, writing, and first and second language learning. Extensively classroom-tested, this second edition has been revised to further support student learning, with numerous new examples, exercises and textboxes to model and contextualise key concepts. </subfield>
  </datafield>
  <datafield tag="700" ind1="1" ind2=" ">
   <subfield code="a">Fasold, Ralph</subfield>
   <subfield code="e">Edited</subfield>
  </datafield>
  <datafield tag="700" ind1="1" ind2=" ">
   <subfield code="a">Connor-Linton, Jeffrey</subfield>
   <subfield code="e">Edited</subfield>
  </datafield>
  <datafield tag="942" ind1=" " ind2=" ">
   <subfield code="2">ddc</subfield>
   <subfield code="c">BK</subfield>
  </datafield>
  <datafield tag="952" ind1=" " ind2=" ">
   <subfield code="0">0</subfield>
   <subfield code="1">0</subfield>
   <subfield code="2">ddc</subfield>
   <subfield code="4">0</subfield>
   <subfield code="6">410_000000000000000_I61</subfield>
   <subfield code="7">0</subfield>
   <subfield code="9">27166</subfield>
   <subfield code="a">000001</subfield>
   <subfield code="b">000001</subfield>
   <subfield code="d">2023-03-31</subfield>
   <subfield code="o">410 I61</subfield>
   <subfield code="p">MD.21223</subfield>
   <subfield code="r">2023-03-31</subfield>
   <subfield code="v">161000.00</subfield>
   <subfield code="w">2023-03-31</subfield>
   <subfield code="y">BK</subfield>
  </datafield>
  <datafield tag="980" ind1=" " ind2=" ">
   <subfield code="a">Thư viện Trường Đại học Nam Cần Thơ</subfield>
  </datafield>
 </record>
</collection>
